| 000 | 01083nam a22001817a 4500 | ||
|---|---|---|---|
| 003 | BDDh-ASL | ||
| 005 | 20231015031119.0 | ||
| 008 | 230130s1894 xx ||||| |||| 00| 0 p d | ||
| 040 |
_aBDDh-ASL _cBDDh-ASL |
||
| 041 | _aper | ||
| 082 |
_a297.4 _bDIF |
||
| 100 |
_aDihlavi, Hasan _97064 |
||
| 245 | 1 | 0 | _aFaw āidul Fuwād : / فوائد الفواد |
| 260 |
_bNawal Kishore , _c1894. |
||
| 300 |
_a259 p. : _c25 cm. |
||
| 650 | 0 |
_aSufism, ˈso͞ofˌizəm, সুফিবাদ, Suphibāda, রহস্যবাদ, obscurantism, সুফি-পীর-দরবেশ, Suphi-pīra-darabēśa, Sufi-pir-dervish, পীর-দরবেশ, Pīra-darabēśa, Peer-Darbesh, ওলী-আউলিয়ার, Ōlī-ā'uliẏāra, Oli-Auliar, yogi, ˈyōɡē, যোগী, Yōgī, সন্ন্যাসী, Sann'yāsī, monastic, ভিক্ষু, ধর্মার্থ মঠবাসী ব্যক্তি, recluse, monk, নির্জনবাসী ব্যক্তি, saint, sānt, সাধু, Sādhu, সন্ত, patron saint _92764 |
|
| 942 |
_2ddc _cBK |
||
| 999 |
_c30159 _d30159 |
||